Tratado de química analítica / (Record no. 146643)

MARC details
000 -LEADER
campo de control de longitud fija 00722nam a2200217 i 4500
001 - NÚMERO DE CONTROL
campo de control 146643
003 - IDENTIFICADOR DE NÚMERO DE CONTROL
campo de control ES-MaACL
005 - FECHA Y HORA DE LA ÚLTIMA TRANSACCIÓN
campo de control 20250815111835.0
007 - CAMPO FIJO DE DESCRIPCIÓN FÍSICA--INFORMACIÓN GENERAL
campo de control de longitud fija t|
008 - DATOS DE LONGITUD FIJA--INFORMACIÓN GENERAL
campo de control de longitud fija 070913s1931 sp ||||1| spa d
100 1# - ENTRADA PRINCIPAL--NOMBRE DE PERSONA
Nombre de persona Treadwell, F. P.
9 (RLIN) 111265
245 10 - MENCIÓN DEL TÍTULO
Título Tratado de química analítica /
Mención de responsabilidad, etc. por Frederick Pearson Treadwell, continuado por W.D. Treadwell ; traducida de la decimocuarta alemana por Emilio Jimeno.
250 ## - MENCION DE EDICION
Mención de edición 3ª ed. española.
260 ## - PUBLICACIÓN, DISTRIBUCIÓN, ETC.
Lugar de publicación, distribución, etc. Barcelona :
Nombre del editor, distribuidor, etc. Manuel Marin,
Fecha de publicación, distribución, etc. 1931.
300 ## - DESCRIPCIÓN FÍSICA
Extensión 2 v. ;
Dimensiones 20cm.
650 07 - PUNTO DE ACCESO ADICIONAL DE MATERIA--TÉRMINO DE MATERIA
Término de materia o nombre geográfico como elemento de entrada Química analítica
Fuente del encabezamiento o término embne
9 (RLIN) 16630
700 1# - ENTRADA AGREGADA--NOMBRE PERSONAL
Nombre de persona Treadwell, W. D.
9 (RLIN) 111266
700 1# - ENTRADA AGREGADA--NOMBRE PERSONAL
Nombre de persona Jimeno, Emilio.
9 (RLIN) 66638
852 ## - LOCALIZACIÓN
Ubicación ES-MaACL
Número de control de estantería A-2683-84
Holdings
Estatus retirado Estado de pérdida Estado de daño No para préstamo Biblioteca de origen Biblioteca actual Ubicación en estantería Fecha de adquisición Fuente de adquisición Total de préstamos Signatura topográfica completa Código de barras Visto por última vez Precio de reemplazo Tipo de ítem Koha
        Biblioteca del Ateneo de Madrid Biblioteca del Ateneo de Madrid Sala Pecera Planta 1 17/01/2008     A-2683-84 1153051 23/02/2023 23/02/2023 Libro impreso